01028naa#a2200169#i#4500001001600000005001700016011001400033100004100047102000700088200019800095210020500293215001000498608004500508675022300553700005200776856003000828RU\\bibl\12338020260705185542.7##a1994-4683##a20230731b2023####ek#y0rusy0150####ca##aRU1#aКРОССФИТ КАК ЭФФЕКТИВНОЕ СРЕДСТВО ВОЕННО-ПРИКЛАДНОЙ ФИЗИЧЕСКОЙ ПОДГОТОВКИ СТУДЕНТОВeЖурнальная статья1#aМоскваcНациональный государственный Университет физической культуры, спорта и здоровья им. П.Ф. Лесгафтаd2023##a3 с.##aЖурнальная статья2local##aМетодика физического воспитания. Пути и средства физического воспитания. Учебные заведения физической культуры. 796.011.3#1aЗиамбетовgВадим Юсупович4#auchzapiski.lesgaft.spb.ru